000 01819 a2200229 4500
005 20250613160751.0
020 _a9781526496232
050 0 0 _aRA 427.8
_bWOO 2022
100 1 _aWoodall, James,
_eauthor.
245 1 0 _aEssentials of health promotion /
_cJames Woodall, Ruth Cross.
264 1 _aLos Angeles :
_bSAGE,
_c2022.
300 _avi, 338 pages :
_billustrations ;
336 _atext
_btxt
_2rdacontent
337 _aunmediated
_bn
_2rdamedia
338 _avolume
_bnc
_2rdacarrier
504 _aIncludes bibliographical references (pages [293]-327) and index.
520 _a"A complete one-stop-shop for any student of health promotion. How to improve and protect public health is one of the biggest questions facing the 21st century and this book exists to help tackle it head on. Setting out the What, Why, When, Who, Where and How of health promotion across 20 bite-sized chapters. It explores the full range of theories, context and strategies that influence contemporary health promotion. Key features: Comprehensive coverage: all facets of health promotion introduced and explained Combines the theoretical with the practical: knowledge blended with the key skills and attributes needed for effective health promotion Extensive range of global case studies: read about the enormous range of possibilities and creative ways health promotion can be achieved This is the ideal textbook for any undergraduate or pre-registration student starting their health promotion or public health journey. It provides a complete package of information that will lay the groundwork for your learning and future practice and will help you succeed with assignments, essays and exams"--
650 0 _aHealth promotion.
650 0 _aHealth promotion
700 1 _aCross, Ruth,
_eauthor.
942 _2lcc
_cBK
_h427.8
_iWOO
_kRA
999 _c11558
_d11558